Informe de práctica supervisada realizada en Life Culture Travel (Registro nro. 12948)
[ vista simple ]
| 000 -LEADER | |
|---|---|
| fixed length control field | 00502nam a22001817a 4500 |
| 005 - DATE AND TIME OF LATEST TRANSACTION | |
| control field | 20220627081216.0 |
| 008 - FIXED-LENGTH DATA ELEMENTS--GENERAL INFORMATION | |
| fixed length control field | 210303b xxu||||| |||| 00| 0 spa d |
| 041 ## - LANGUAGE CODE | |
| Language code of text/sound track or separate title | spa |
| 082 ## - DEWEY DECIMAL CLASSIFICATION NUMBER | |
| Classification number | TU 132 |
| 100 ## - MAIN ENTRY--AUTHOR NAME | |
| Personal name | Calderón Fonseca, Angie |
| 245 ## - TITLE STATEMENT | |
| Title | Informe de práctica supervisada realizada en Life Culture Travel |
| 260 ## - PUBLICATION, DISTRIBUTION, ETC. (IMPRINT) | |
| Year of publication | 2018 |
| 300 ## - PHYSICAL DESCRIPTION | |
| Number of Pages | 37 páginas |
| 650 ## - SUBJECT ADDED ENTRY--TOPICAL TERM | |
| Topical Term | COSTA RICA |
| 650 ## - SUBJECT ADDED ENTRY--TOPICAL TERM | |
| Topical Term | LIFE CULTURE TRAVEL |
| 700 ## - ADDED ENTRY--PERSONAL NAME | |
| Personal name | AGENCIA TOUR OPERADORA |
| 942 ## - ADDED ENTRY ELEMENTS (KOHA) | |
| Tipo de ítem | Informe de Práctica |
| Withdrawn status | Estado | Estado físico | Not for loan | Total Checkouts | Clasificación | Número de inscripción | Date last seen | Price effective from | Tipo de ítem |
|---|---|---|---|---|---|---|---|---|---|
| TU 132 | TU132 | 05/03/2021 | 05/03/2021 | Informe de Práctica |